[Event "Biel Accentus"]
[Site "Biel"]
[Date "2011.07.19"]
[Round "2"]
[White "Carlsen, Magnus"]
[Black "Shirov, Alexei"]
[Result "1-0"]
[WhiteElo "2821"]
[BlackElo "2714"]
[PlyCount "65"]
[EventDate "2011.07.18"]
[EventType "tourn"]
[EventRounds "10"]
[EventCountry "SUI"]
[EventCategory "19"]
[SourceTitle "CBM 144"]
[Source "ChessBase"]
[SourceDate "2011.09.16"]
[SourceVersion "1"]
[SourceVersionDate "2011.09.16"]
[SourceQuality "1"]

1. Nf3 {Lutz,Christopher Ftacnik,Lubomir} d5 2. d4 Nf6 3. c4 c6 4. Nc3 e6 5. e3 Nbd7 6. Bd3 dxc4 7. Bxc4 b5 8. Bd3 Bb7 9. O-O a6 ({RR} 9... b4) 10. e4 c5 11. d5 c4 12. Bc2 Qc7 ({RR} 12... e5 13. Ne2) 13. Nd4 e5 ({RR} 13... Nc5 14. Bg5) ({RR} 13... Nc5 14. b4 cxb3 15. axb3 b4 16. Na4 Ncxe4 17. Bxe4 ({RR} 17. dxe6 Rd8 18. exf7+ Kxf7 19. Be3 Bd6 20. h3 Rhe8) 17... Nxe4 18. dxe6 Bd6 19. exf7+ Qxf7 20. f3 Qh5 ({RR} 20... O-O 21. fxe4 Bxh2+ 22. Kxh2 Qxf1 23. Qxf1 Rxf1 24. Nc5) 21. g3 ({RR} 21. fxe4 Qxh2+ 22. Kf2 O-O+ 23. Nf3 Bxe4) ({RR} 21. h3 Qe5) 21... O-O ({RR} 21... Bxg3 22. hxg3 O-O ({RR} 22... Nxg3 23. Qe1+) 23. Ra2 Nxg3 24. Rh2) ({RR} 21... Nxg3 22. hxg3 ({RR} 22. Qe1+ Ne4 23. Ra2 O-O) ({RR} 22. Re1+ Kf7 23. Nc6 Nf5 24. Qd5+ Kf8) 22... O-O 23. Ra2 Bxg3 24. Rg2 Be5) 22. fxe4 Qh3 23. Nf3 ({RR} 23. Ra2 Bxe4 ({RR} 23... Bxg3 24. Nf5 Rxf5 25. Rxf5 Bxe4 26. Rg5 Bh4 27. Qg4) 24. Re1 ({RR} 24. Rxf8+ Rxf8 25. Rf2 Rxf2 26. Kxf2 Qxh2+ 27. Ke3 Bg6) 24... Bb7 ({RR} 24... Rae8 25. Re3 Bb7 26. Rxe8 Rxe8 27. Qf1 Qg4 28. Nf5 Qe4 29. Qc4+ Qxc4 30. bxc4) 25. Qd3) ({RR} 23. Qe2 Bxg3 ({RR} 23... Bxe4 24. Bf4 Bxf4 25. Qxe4 Bxg3 26. Qe6+ Qxe6 27. Nxe6 Rxf1+ 28. Rxf1) ({RR} 23... Rxf1+ 24. Qxf1 Qg4 25. Qf3) ({RR} 23... Be5 24. Bb2 Bxg3 25. hxg3 Qxg3+ 26. Qg2 Qe3+ 27. Kh2 Bxe4 28. Qxg7+) ({RR} 23... Rfe8 24. Nc5 Bxc5 25. Qc4+ Kh8 26. Qxc5 Bxe4 27. Ra2) 24. Nf5 Be5 25. Bb2 Bxb2 ({RR} 25... Bxe4 26. Ne7+ Kh8 27. Bxe5) ({RR} 25... Rae8 26. Bxe5 Rxe5 27. Qc4+ Kh8 28. Qxb4) 26. Qxb2 Qg4+ 27. Ng3) 23... Bxg3 24. Nc5 ({RR} 24. hxg3 Qxg3+ 25. Kh1 Bxe4) ({RR} 24. Ra2 Bxe4 25. hxg3 Rad8 26. Qe1 Rxf3 27. Rxf3 Bxf3 28. Rh2 Qg4 29. Rd2) ({RR} 24. Qe2 Rxf3 25. Rxf3 Bxh2+ 26. Qxh2 Qxf3 27. Qg2 Qxg2+ ({RR} 27... Qd1+ 28. Kh2) ({RR} 27... Qxb3 28. Bh6) 28. Kxg2 Bxe4+ 29. Kg1) 24... Rxf3 25. Rxf3 ({RR} 25. Ra2 Rxf1+ 26. Qxf1 Qxf1+ 27. Kxf1 Rc8 28. Be3 Bf4 29. Nxb7 Bxe3 30. Rxa6 Bf4) 25... Qxh2+ 26. Kf1 Bc6 ({RR} 26... Qh1+ 27. Ke2 Qh2+ 28. Ke3 Qh6+ 29. Kd3 ({RR} 29. Ke2) 29... Qd6+ 30. Ke2 Qxc5 31. Rxg3 Qh5+ 32. Ke1 ({RR} 32. Rf3 Bxe4) 32... Qe5) 27. Bg5 ({RR} 27. Be3 Bb5+ 28. Nd3 Rd8 29. Bg1 Qh3+ 30. Ke2 Qg2+ 31. Bf2 Bxf2 32. Rxf2 Qxe4+) ({RR} 27. Qd3 Qh1+ 28. Ke2 Qe1#) ({RR} 27. Ra5 Bc7 28. Qd4 ({RR} 28. Ra1 Qh1+ 29. Ke2 Qg2+ 30. Ke3 Qg5+ 31. Kf2 Qxc5+) 28... Bxa5 29. Bb2 Qh6 ({RR} 29... Bb5+ 30. Nd3 Bxd3+ 31. Qxd3 Qh1+ 32. Kf2 Bb6+ 33. Kg3) 30. Rg3 Ra7 31. Ne6 Rf7+ 32. Kg1 Qxe6 33. Rxg7+ Kf8 34. Qc5+ Ke8 35. Rg8+ Kd7 36. Qxa5 Qxe4 37. Qd8+ Ke6 38. Qc8+ Kd6 39. Qb8+ Rc7 40. Qf8+ Re7 41. Qb8+ Kc5) 27... Bb5+ ({RR} 27... Qh1+ 28. Ke2 Qg2+ 29. Ke3) 28. Nd3 {Kasparov,G (2775)-Kramnik,V (2775) Dos Hermanas 1996 100 Jahre Schach [Lutz,Christopher] 0-1 (35)}) ({RR} 13... O-O-O 14. Bg5 Bc5 15. Nf3 Rhe8 16. dxe6 fxe6 17. Qe2 h6 18. Bh4 g5 19. Bg3 Qc6 20. e5 Nd5 21. Nxd5 Qxd5 22. Rfd1 Qc6 23. b3 h5 24. h4 gxh4 25. Nxh4 Rg8 26. Kh2 Rg7 27. bxc4 b4 28. f3 {Bhagat Kush (2288)-Costa,L (2498) Stockholm SWE 2024 0-1 (37)}) 14. Nf5 g6 15. Nh6 Nh5 16. g3 $146 ({RR} 16. Qf3 Nf4 ({RR} 16... f6 17. Ne2) 17. Nxf7 ({RR} 17. Bxf4 exf4 18. Ng4 h5) ({RR} 17. Ng4) 17... Kxf7 18. g3 g5 19. gxf4 gxf4 20. Qh5+ Ke7 21. Qh4+ Kf7 ({RR} 21... Nf6 22. Bxf4 exf4 23. e5 Rg8+ 24. Kh1 Bg7 25. Rae1) 22. Bd1 Rg8+ 23. Kh1 Nf6 24. Bh5+ Rg6 ({RR} 24... Ke7 25. Bxf4 exf4 26. e5) ({RR} 24... Nxh5 25. Qxh5+ Kg7 ({RR} 25... Rg6 26. Qxh7+ Bg7 27. Rg1) 26. Rg1+ Kh8 27. Rxg8+ Kxg8 28. Bd2) 25. Bxg6+ ({RR} 25. Rg1 Nxh5 26. Qxh5 Kg7) 25... hxg6 26. Rg1 ({RR} 26. f3 Be7 27. Qh3 Kg7 28. Bd2 Rh8 29. Qg2 Bc5) 26... Be7 ({RR} 26... Bc5) 27. Qh6 Rg8 28. f3 b4 29. Ne2 Nxd5 30. exd5 ({RR} 30. Bd2 Nf6) 30... Bxd5 {Gelfand,B (2670)-Dreev,A (2570) Tilburg 1993 CBM 039 [Ftacnik,Lubomir] 0-1 (44)} {RR} 31. Qh3 Be6 ({RR} 31... Qc6 32. Rf1 Bf6 33. a3 Rh8 34. Qg2 g5 35. axb4 e4) 32. Qg2 g5) 16... Bc5 17. Qf3 Rf8 18. Bd2 Bd4 19. b4 cxb3 20. Bxb3 Qd6 21. Rac1 Ng7 22. a4 f5 23. axb5 f4 24. Ne2 Bb6 25. bxa6 Bxa6 26. Bc4 g5 27. Bxa6 Rxa6 28. Rc8+ Bd8 29. Nf5 Nxf5 30. exf5 Nf6 31. Qd3 Ra7 32. Qb5+ Qd7 33. Rxd8+ 1-0

[Event "Olympiad-44"]
[Site "Chennai"]
[Date "2022.08.08"]
[Round "10.1"]
[White "Carlsen, Magnus"]
[Black "Schitco, Ivan"]
[Result "1/2-1/2"]
[WhiteElo "2864"]
[BlackElo "2490"]
[PlyCount "90"]
[EventDate "2022.07.29"]
[EventType "team-swiss"]
[EventRounds "11"]
[EventCountry "IND"]
[SourceTitle "EXT 2023"]
[Source "ChessBase"]
[SourceDate "2022.10.05"]
[SourceVersion "1"]
[SourceVersionDate "2022.10.05"]
[SourceQuality "1"]
[WhiteTeam "Norway"]
[BlackTeam "Moldova"]
[WhiteTeamCountry "NOR"]
[BlackTeamCountry "MDA"]

1. Nf3 Nf6 2. g3 d5 3. Bg2 e6 4. O-O Be7 5. d3 O-O 6. a4 c5 7. e4 Nc6 8. Bf4 h6 ({RR} 8... Nh5 9. Bd2 Nf6 10. e5 Nd7 11. Re1 f6 12. exf6 Bxf6 13. Nc3 Nde5 14. Nxe5 Bxe5 15. f4 Bf6 16. a5 Kh8 17. Kh1 Nd4 18. Be3 Bd7 19. Bg1 Rc8 20. a6 b5 21. Qd2 b4 22. Nd1 Nf5 23. c3 {Andreikin,D (2729)-Martinez Alcantara,J (2612) chess.com INT 2024 0-1 (35)}) 9. Qe2 $146 ({RR} 9. Qe1 b6 10. e5 Nd7 11. h4 Bb7 12. Nc3 Rc8 13. Nh2 Re8 14. Ng4 Bf8 15. h5 a6 16. Qd2 Nd4 17. Ne2 Nf5 18. Nh2 Qc7 19. Ng4 d4 20. c4 dxc3 21. bxc3 Red8 22. Bxb7 Qxb7 23. f3 c4 {Kosteniuk,A (2501)-Shuvalova,P (2455) FIDE Online Arena INT 2024 0-1 (46)}) ({RR} 9. Ne5 Bd7 10. Nxd7 Qxd7 11. e5 Nh7 12. Re1 Bg5 13. Bxg5 Nxg5 14. Nd2 Rfd8 15. c3 Nh7 16. Nb3 b6 17. d4 cxd4 18. Nxd4 Nxd4 19. cxd4 Rac8 20. Bf1 Nf8 21. h4 Ng6 22. Bb5 Qb7 23. Qe2 Rc7 {Kushko,D (2454)-Ashraf,A (2428) chess.com INT 2025 1-0 (45)}) 9... b6 10. Re1 Bb7 11. e5 Nh7 12. h4 Rc8 13. c3 d4 14. c4 Kh8 15. Bc1 Nb4 16. Na3 Qd7 17. Bd2 Nc6 18. Nh2 Rce8 19. Nc2 a5 20. Ng4 Bd8 21. Rf1 Ne7 22. Bxb7 Qxb7 23. Ne1 Nc6 24. Ng2 h5 25. Nh2 Bc7 26. Nf3 Bb8 27. Nf4 g6 28. Kh2 Kg7 29. Rae1 f6 30. exf6+ Nxf6 31. Ng5 Bxf4 32. Bxf4 e5 33. Bd2 Qd7 34. f3 Nd8 35. b3 Nb7 36. Ne4 Nxe4 37. Qxe4 Nd6 38. Qd5 Rf5 39. g4 hxg4 40. fxg4 Rxf1 41. Rxf1 Qxg4 42. Bg5 Qe2+ 43. Kg1 Qg4+ 44. Kh2 Qe2+ 45. Kg1 Qg4+ 1/2-1/2

[Event "NOR-chT"]
[Site "Moss"]
[Date "2005.05.08"]
[Round "5"]
[White "Carlsen, Magnus"]
[Black "Ostenstad, Berge"]
[Result "1-0"]
[WhiteElo "2543"]
[BlackElo "2488"]
[PlyCount "63"]
[EventDate "2005.05.04"]
[EventType "team"]
[EventRounds "5"]
[EventCountry "NOR"]
[SourceTitle "EXT 2007"]
[Source "ChessBase"]
[SourceDate "2006.11.23"]
[SourceVersion "1"]
[SourceVersionDate "2006.11.23"]
[SourceQuality "1"]

1. Nf3 Nf6 2. c4 e6 3. Nc3 d5 4. d4 Be7 5. Bf4 O-O 6. e3 Nbd7 7. c5 c6 8. h3 b6 9. b4 a5 10. a3 Bb7 11. Bd3 Qc8 ({RR} 11... Re8 12. O-O Bf8 13. Bh2 b5 14. Qb1 axb4 15. axb4 Rxa1 16. Qxa1 Qa8 17. Qb2 Qc8 18. Ra1 g6 19. Ra7 Bg7 20. Qa3 Nh5 21. Qa5 e5 22. dxe5 Nxe5 23. Nxe5 Bxe5 24. Bxe5 Rxe5 25. Qb6 Re7 26. Nxb5 {Kim,S (2276)-Dicen,E (2069) chess.com INT 2025 1-0 (34)}) 12. Rc1 ({RR} 12. O-O Ba6 13. Qc2 Bxd3 14. Qxd3 Qb7 15. Nd2 Ra7 16. Rab1 axb4 17. axb4 Rfa8 18. Nb3 Ra3 19. Qc2 Bd8 20. b5 Be7 21. Rfc1 h6 22. Qd1 bxc5 23. Nxc5 Nxc5 24. dxc5 R3a5 25. Qe2 Nd7 26. Qg4 Nf6 {Eljanov,P (2751)-Jakovenko,D (2725) Odessa 2010 ½-½ (50)}) 12... axb4 13. axb4 bxc5 $146 ({RR} 13... Ba6 14. b5 cxb5 15. c6 Qxc6 16. Ne4 Nc5 17. Nxf6+ Bxf6 18. dxc5 bxc5 19. Ne5 Qc7 20. Ng4 Qa5+ 21. Qd2 Qxd2+ 22. Kxd2 Be7 23. Ne5 c4 24. Be2 Bb7 25. Ra1 Rfd8 26. Nf3 f6 27. Bc7 Rdc8 28. Rxa8 {Milos,G (2563)-Vescovi,G (2619) Sao Paulo 2006 0-1 (34)}) ({RR} 13... Ra3 14. Qe2 Qa8 15. Qb2 Ra7 16. O-O Rc8 17. Ra1 Ba6 18. b5 cxb5 19. c6 Qxc6 20. Nxb5 Raa8 21. Rfc1 Bxb5 22. Rxc6 Bxc6 23. Ba6 Re8 24. Qc1 Rxa6 25. Rxa6 Bb5 26. Ra7 Bc4 27. Qa1 b5 28. Ne5 {Flumbort,A (2467)-Buss,R (2267) Zug 2003 1-0 (31)}) 14. bxc5 Ra3 15. O-O Ba6 16. Bxa6 Qxa6 17. Qc2 Ra8 18. Qb2 Ra7 19. Rb1 h6 20. Rfc1 Bd8 21. Ne1 Ne4 22. Nxe4 dxe4 23. Nc2 Ra2 24. Qb3 Qe2 25. Bg3 R2a4 26. Nb4 Qb5 27. Qc4 Qxc4 28. Rxc4 Ra1 29. Rbc1 R7a4 30. Nxc6 Rxc4 31. Rxa1 Bf6 32. Ra7 1-0

[Event "Salongernas IM-tournament"]
[Site "Stockholm"]
[Date "2003.06.07"]
[Round "1"]
[White "Carlsen, Magnus"]
[Black "Fries Nielsen, Jens Ove"]
[Result "1-0"]
[WhiteElo "2356"]
[BlackElo "2448"]
[PlyCount "83"]
[EventDate "2003.06.07"]
[EventType "tourn"]
[EventRounds "8"]
[EventCountry "SWE"]
[SourceTitle "EXT 2023"]
[Source "ChessBase"]
[SourceDate "2022.10.05"]
[SourceVersion "1"]
[SourceVersionDate "2022.10.05"]
[SourceQuality "1"]

1. Nf3 Nf6 2. c4 e6 3. Nc3 d5 4. d4 Be7 5. Bf4 O-O 6. e3 b6 7. cxd5 exd5 8. Bd3 Bb7 9. O-O c5 10. Ne5 Nc6 11. dxc5 ({RR} 11. Qf3 cxd4 12. Nxc6 Bxc6 13. exd4 Qd7 14. Be5 b5 15. Bf5 Qb7 16. Qh3 g6 17. Qh6 Rfe8 18. Nd1 Bd7 19. Ne3 Nh5 20. Bxd7 Qxd7 21. Nc2 Qf5 22. Qd2 Bg5 23. f4 Rxe5 24. dxe5 Bxf4 25. Qe2 Qxe5 {Gelfand,B (2700)-Ljubojevic,L (2570) Monte Carlo 2003 1-0 (45)}) ({RR} 11. Qf3 cxd4 12. Nxc6 Bxc6 13. exd4 h6 14. Rfe1 Re8 15. Rac1 Qd7 16. h3 Nh7 17. Be5 Bg5 18. Bf5 Qb7 19. Rcd1 g6 20. Bc2 Rad8 21. Bb3 Be7 22. Bf4 Ng5 23. Bxg5 hxg5 24. Re5 Bb4 25. Nxd5 Bxd5 {Moksh,A (2353)-Klekowski,M (2477) chess.com INT 2024 1-0}) 11... Nxe5 $146 ({RR} 11... bxc5 12. Rc1 Qb6 13. Na4 Qa5 14. b3 Rad8 15. Qe1 Qxe1 16. Rfxe1 Nxe5 17. Bxe5 Rc8 18. Bf5 Rc6 19. Red1 g6 20. Bh3 c4 21. bxc4 dxc4 22. Bd7 Nxd7 23. Rxd7 {½-½ (23) Iversen,C (1876)-Rendboe,J (2241) Odense 2013}) ({RR} 11... bxc5 12. Qf3 Qb6 13. Nd7 Nxd7 14. Qh3 g6 15. Nxd5 Qd8 16. Rad1 Nf6 17. Nc7 Qc8 18. Nxa8 Qxh3 19. gxh3 Rxa8 20. Be2 Nd8 21. Bd6 Kf8 22. Bxe7+ Kxe7 23. Rc1 Ne6 24. Rfd1 Rc8 25. Bf1 Ne4 26. Rc4 {Prusikin,M (2516)-Meijers,V (2458) Bayerisch Eisenstein 2018 0-1 (34)}) 12. Bxe5 bxc5 13. Qb3 Qb6 14. Rfd1 c4 15. Qxb6 axb6 16. Be2 Ra5 17. Rab1 Bc6 18. Bf3 h6 19. a3 Rc8 20. Kf1 Ne4 21. Bg4 Re8 22. Nxe4 dxe4 23. Bc3 Ra7 24. Rd2 b5 25. Rbd1 Rb7 26. Bd7 Bxd7 27. Rxd7 Rb6 28. Bd4 Rbb8 29. Ba7 Rbc8 30. Bd4 b4 31. axb4 Bxb4 32. Rc1 Re6 33. Rb7 Bf8 34. b4 Ra6 35. b5 Ra3 36. b6 c3 37. Rc7 Rb8 38. R7xc3 Raa8 39. Rb1 Rb7 40. Rc7 Rab8 41. Rxb7 Rxb7 42. Ra1 1-0

[Event "NOR-ch"]
[Site "Fredrikstad"]
[Date "2003.07.06"]
[Round "3"]
[White "Carlsen, Magnus"]
[Black "Fyllingen, Roy Harald"]
[Result "1/2-1/2"]
[WhiteElo "2385"]
[BlackElo "2366"]
[PlyCount "60"]
[EventDate "2003.07.04"]
[EventType "tourn"]
[EventRounds "9"]
[EventCountry "NOR"]
[SourceTitle "CBM 095 Extra"]
[Source "ChessBase"]
[SourceDate "2003.09.04"]
[SourceVersion "1"]
[SourceVersionDate "2003.09.04"]
[SourceQuality "1"]

1. Nf3 Nf6 2. c4 b6 3. d4 e6 4. g3 Bb4+ 5. Bd2 a5 6. Bg2 Ba6 7. Qc2 ({RR} 7. Bxb4 axb4 8. Ne5 c6 9. Qb3 O-O 10. Qxb4 Qc7 11. Qc3 d6 12. Nd3 d5 13. cxd5 Nxd5 14. Bxd5 exd5 15. O-O Ra7 16. Nd2 Qd6 17. Qb4 Qd8 18. Nf3 Re7 19. Qd2 Rfe8 20. e3 c5 21. Rfc1 c4 {Portisch,L (2635)-Kortschnoj,V (2630) Wijk aan Zee 1985 1-0 (40)}) 7... c5 ({RR} 7... c6 8. O-O O-O 9. Bf4 Be7 10. Ne5 d5 11. Nc3 Nfd7 12. cxd5 Nxe5 13. d6 Bxd6 14. dxe5 Bc7 15. Rfd1 Qe7 16. Ne4 Ra7 17. Bg5 f6 18. exf6 gxf6 19. Bh6 Rf7 20. Qd2 c5 21. Nd6 Bxd6 22. Qxd6 {Toktomushev,T (2262)-Okike,D (2165) chess.com INT 2024 0-1 (56)}) 8. Nc3 $146 ({RR} 8. O-O Nc6 9. dxc5 Bxc5 10. b3 d5 11. cxd5 Nxd5 12. Nc3 Rc8 13. Qb2 Nd4 14. Rfe1 O-O 15. Nxd5 Qxd5 16. Bc3 Nxe2+ 17. Rxe2 Bxe2 18. Qxe2 Bxf2+ 19. Qxf2 Rxc3 20. Qxb6 Rxf3 21. Bxf3 Qxf3 22. Qxa5 Qe3+ {Barp,A (2374)-Jumabayev,R (2654) Chess.com INT 2020 0-1}) ({RR} 8. O-O Nc6 9. dxc5 Bxc5 10. Bg5 h6 11. Bxf6 Qxf6 12. Nbd2 O-O 13. Rac1 Ra7 14. Ne4 Qe7 15. Rfd1 Rb8 16. e3 Nb4 17. Qb1 Rc7 18. Ne5 d6 19. Nf3 d5 20. cxd5 Nxd5 21. Nxc5 bxc5 22. Nd2 c4 {Hansen,L (2562)-Fyllingen,R (2408) ICC INT 2000 0-1 (37)}) ({RR} 8. O-O Bxd2 9. Nbxd2 Nc6 10. e4 cxd4 11. e5 Ng4 12. Rfe1 O-O 13. h3 Nh6 14. Rad1 Rc8 15. Ne4 Nb4 16. Qd2 Rxc4 17. Nf6+ Kh8 18. a3 Rc2 19. Qxd4 gxf6 20. axb4 Nf5 21. Qxd7 Qxd7 22. Rxd7 axb4 {Madsen,D (2265)-Fyllingen,R (2410) Norway 1997 1-0 (33)}) 8... Nc6 9. dxc5 Bxc5 10. b3 O-O 11. Bg5 h6 12. Bxf6 Qxf6 13. O-O Bb4 14. Ne4 Qe7 15. Rfd1 Rac8 16. e3 d5 17. cxd5 exd5 18. Rxd5 Nd4 19. Nxd4 Rxc2 20. Nxc2 Rc8 21. Nxb4 Qxb4 22. Nd6 Rc2 23. Be4 Rd2 24. Rxd2 Qxd2 25. Nc4 Bxc4 26. bxc4 g6 27. a4 Qc3 28. Rd1 Qxc4 29. Rd4 Qc1+ 30. Kg2 Qc5 1/2-1/2

[Event "Troll Masters"]
[Site "Gausdal"]
[Date "2003.01.08"]
[Round "2"]
[White "Carlsen, Magnus"]
[Black "Lugovoi, Aleksei"]
[Result "1/2-1/2"]
[WhiteElo "2279"]
[BlackElo "2540"]
[PlyCount "86"]
[EventDate "2003.01.07"]
[EventType "swiss"]
[EventRounds "10"]
[EventCountry "NOR"]
[SourceTitle "CBM 092 Extra"]
[Source "ChessBase"]
[SourceDate "2003.03.07"]
[SourceVersion "1"]
[SourceVersionDate "2003.03.07"]
[SourceQuality "1"]

1. Nf3 Nf6 2. c4 e6 3. d4 b6 4. g3 Ba6 5. Qa4 Bb7 6. Bg2 c5 7. O-O Qc8 8. dxc5 ({RR} 8. d5 exd5 9. Bg5 Be7 10. cxd5 Bxd5 11. Nc3 Bc6 12. Qf4 O-O 13. e4 Kh8 14. a3 Ng8 15. Bxe7 Nxe7 16. Qd6 Qd8 17. b4 cxb4 18. axb4 a6 19. Rfe1 Bb7 20. Rad1 Nbc6 21. e5 a5 22. b5 Nb4 {LCZero 0.31-dag-f7fb268-BT4-6 (3652)-Stockfish dev-20241208-cf1064 (3683) tcec-chess.com INT 2024 1-0 (66)}) ({RR} 8. d5 exd5 9. Bg5 Be7 10. cxd5 Bxd5 11. Nc3 Bc6 12. Qf4 O-O 13. e4 Kh8 14. a3 Ng8 15. Bxe7 Nxe7 16. Qd6 Qd8 17. b4 cxb4 18. axb4 a6 19. Rfd1 Bb7 20. Nd5 Nbc6 21. h4 Nxd5 22. exd5 Ne7 {PlentyChess6.0.14 (3588)-LCZero0.31-dag-4d98c58-BT5-37 (3692) tcec-chess.com INT 2025 ½-½ (172)}) 8... Bxc5 9. Nc3 $146 ({RR} 9. b4 Be7 10. Nbd2 O-O 11. Bb2 a5 12. b5 d6 13. Qc2 e5 14. Nh4 Re8 15. Rfd1 g6 16. Rac1 Bxg2 17. Nxg2 Qh3 18. Ne3 Nbd7 19. Ne4 Nxe4 20. Qxe4 Rad8 21. Qg2 Qe6 22. Ba3 Bf8 23. Qb7 Rb8 {Bleiman,Y-Puhm,A Nice 1974 1-0 (69)}) 9... O-O 10. Bf4 Nh5 11. Be5 Nc6 12. Rad1 Rd8 13. Ne4 d5 14. Nxc5 bxc5 15. cxd5 exd5 16. e3 Nxe5 17. Nxe5 Qc7 18. Nd3 Qb6 19. b3 Rac8 20. Rc1 Nf6 21. Rfd1 h6 22. Bh3 Rc7 23. Bg2 a5 24. Nf4 Rcc8 25. Qa3 g5 26. Nd3 Ne4 27. Bxe4 dxe4 28. Ne5 Bd5 29. Nc4 Bxc4 30. Rxd8+ Rxd8 31. bxc4 Rd2 32. Qa4 Kg7 33. a3 Qb2 34. Rf1 Qc3 35. Rb1 Ra2 36. Qb5 Ra1 37. a4 Rxb1+ 38. Qxb1 Qxc4 39. Qb2+ Kh7 40. Qb7 Kg7 41. Qb2+ f6 42. Qb7+ Kg6 43. Qc6 Qb4 1/2-1/2

[Event "NOR Championship Group Elite"]
[Site "Roros"]
[Date "2002.07.13"]
[Round "9"]
[White "Carlsen, Magnus"]
[Black "Lie, Kjetil A"]
[Result "1/2-1/2"]
[WhiteElo "2214"]
[BlackElo "2431"]
[PlyCount "81"]
[EventDate "2002.07.06"]
[EventType "swiss"]
[EventRounds "9"]
[EventCountry "NOR"]
[SourceTitle "EXT 2023"]
[Source "ChessBase"]
[SourceDate "2022.10.05"]
[SourceVersion "1"]
[SourceVersionDate "2022.10.05"]
[SourceQuality "1"]

1. Nf3 c5 2. e4 e6 3. d4 cxd4 4. Nxd4 Qb6 5. Nb3 Qc7 6. Bd3 Nf6 7. O-O d5 8. Nc3 dxe4 9. Nxe4 Nxe4 ({RR} 9... Nbd7 10. Re1 Be7 11. Bg5 O-O 12. Qf3 h6 13. Bf4 Qb6 14. Rad1 Nd5 15. Bd2 Ne5 16. Qg3 Ng6 17. c4 Bh4 18. Qf3 Ne5 19. Qh3 Nxd3 20. Qxd3 Nf6 21. c5 Qc6 22. Na5 Qd5 23. Qf3 Nxe4 24. Rxe4 {Petrovskiy,V (2330)-Ibarra Jerez,J (2570) Chess.com INT 2022 1-0 (54)}) 10. Bxe4 Bd6 ({RR} 10... Nd7 11. Qd3 Bd6 12. g3 Nf6 13. Bg2 O-O 14. Bg5 Be5 15. c3 h6 16. Be3 Bd7 17. Bc5 Rfd8 18. Qe3 Bc6 19. Bxc6 bxc6 20. Rad1 Nd5 21. Qe2 a5 22. Nd4 Bd6 23. Qc4 a4 24. a3 Bxc5 25. Qxc5 {Zhang,P (2622)-Bauer,C (2599) Paris 2006 1-0 (101)}) 11. Qh5 Nd7 12. g3 $146 ({RR} 12. Bg5 Be5 13. c3 Nf6 14. Bxf6 Bxf6 15. Qb5+ Kf8 16. Rad1 Rb8 17. Nc5 a6 18. Nd7+ Bxd7 19. Rxd7 Qxh2+ 20. Kxh2 axb5 21. Rfd1 b6 22. Bc6 g6 23. Ra7 Kg7 24. Rdd7 Rhf8 25. Bxb5 Rbd8 26. g3 Rxd7 {Perez Ponsa,F (2183)-Sak,L Argentina 2007 1-0 (45)}) ({RR} 12. Bg5 h6 13. Nd4 Bxh2+ 14. Kh1 Qe5 15. Nxe6 Qxe6 16. Qxh2 O-O 17. Bd3 Re8 18. Bd2 Qe5 19. Bc3 Qxh2+ 20. Kxh2 Nc5 21. Bb5 Bd7 22. Bxd7 Nxd7 23. Rfe1 f5 24. Rad1 Rxe1 25. Bxe1 Nf6 26. Bc3 Kf7 {Abdulwahhab,A-Merritt,M (2116) Bled 2002 ½-½ (57)}) 12... a6 13. Bg5 Be5 14. c3 Nf6 15. Bxf6 Bxf6 16. Rad1 Rb8 17. Rd2 g6 18. Qc5 Qxc5 19. Nxc5 Be7 20. Rfd1 f5 21. Bc2 b6 22. Ba4+ Kf7 23. Nd7 Bxd7 24. Rxd7 Rhd8 25. Bb3 Rxd7 26. Rxd7 b5 27. f4 Kf6 28. Kg2 h6 29. h4 b4 30. Rc7 Rd8 31. Rc6 Rd6 32. Rxd6 Bxd6 33. cxb4 Bxb4 34. Bc4 a5 35. Kf3 Be1 36. b3 Bd2 37. Ke2 Bc1 38. Kd1 Ba3 39. Ke2 Bb2 40. Kf3 Bc1 41. a4 1/2-1/2

[Event "FIDE World Cup"]
[Site "Khanty-Mansiysk"]
[Date "2007.11.25"]
[Round "1.2"]
[White "Carlsen, Magnus"]
[Black "Zhao, Zong Yuan"]
[Result "1-0"]
[WhiteElo "2714"]
[BlackElo "2491"]
[PlyCount "71"]
[EventDate "2007.11.24"]
[EventType "k.o."]
[EventRounds "7"]
[EventCountry "RUS"]
[SourceTitle "CBM 122"]
[Source "ChessBase"]
[SourceDate "2008.01.30"]
[SourceVersion "1"]
[SourceVersionDate "2008.01.30"]
[SourceQuality "1"]

1. Nf3 {Tisdall,Jonathan D} Nf6 2. c4 e6 3. d4 Bb4+ 4. Bd2 Qe7 5. g3 Nc6 6. Nc3 Bxc3 7. Bxc3 Ne4 8. Qc2 Nxc3 9. Qxc3 O-O 10. Bg2 d6 11. d5 Nb8 12. O-O e5 13. c5 Bg4 ({RR} 13... Na6 14. b4 Re8 15. Rac1 e4 16. Nd4 Qe5 17. Qc4 dxc5 18. bxc5 Rd8 19. d6 cxd6 20. cxd6 Qxd6 21. Nb3 Bf5 22. Qb5 Qd7 23. a4 h6 24. Rc4 Be6 25. Rxe4 Bxb3) ({RR} 13... Nd7 14. cxd6 cxd6 15. Rfc1 b6 16. Qa3 f5 17. Rc7 a5 18. Rac1 b5 19. R1c6 b4 20. Qe3 Ba6 21. Ng5 Bb5 22. Rb6 Rfb8 23. Rxb8+ Rxb8 24. Ne6 Qe8 25. Qg5 Qf7 26. e4 fxe4 27. Bxe4 g6 28. h4) ({RR} 13... Na6 14. Rac1 Nxc5 15. Nxe5 Bf5 16. Nd3 Nxd3 17. exd3 Rfe8 18. d4 Rac8 19. Rfe1 Qd7 20. h4 h6 21. Kh2 Rxe1 22. Rxe1 Qd8 23. Re3 Bd7 24. Qb4 b6 25. Qc3 a5 26. Be4 Qf6 27. Kg2 g6 28. Bf3 {Giri,A (2672)-Tomashevsky,E (2708) Biel 2010 ½-½}) 14. Rac1 ({RR} 14. Rfc1 Nd7 15. b4 a5 16. a3 Nf6 17. Qc4 axb4 18. axb4 Bxf3 19. Bxf3 e4 20. Bg2 Qe5 21. Rxa8 Rxa8 22. Rd1 h5 23. h3 h4 24. g4 e3 25. Qd4 exf2+ 26. Kxf2 Qg3+ 27. Kf1 Ra3 28. Qf2 Qb3 {Rustemov,A (2525)-Ughuzov,R (2295) chess.com INT 2025 0-1 (38)}) 14... a5 15. Rfe1 ({RR} 15. cxd6 cxd6 16. Qc7 Nd7 ({RR} 16... Qxc7 17. Rxc7 Na6 18. Rxb7 Rfb8 ({RR} 18... Nb4 19. a3 Nxd5 20. Rd1 ({RR} 20. Nxe5 dxe5 21. Bxd5 Bxe2 22. Re1)) 19. Rxb8+ Rxb8 20. b3 ({RR} 20. Rc1) 20... Nb4 ({RR} 20... Rc8)) 17. Rc3 ({RR} 17. Rc4) ({RR} 17. Rc2)) 15... Na6 $146 ({RR} 15... Re8 16. Nd2 ({RR} 16. cxd6 cxd6 17. Qc7 Na6) 16... Na6 17. cxd6 cxd6 18. Nc4 Rec8 19. Qa3 ({RR} 19. Qxa5 Nc5 20. Qb6 Ra6 21. Qb4 Ra4 ({RR} 21... Rxa2 22. Nb6) 22. Qc3 ({RR} 22. Qb6) 22... Nd7 ({RR} 22... Rxa2 23. Ne3 Bd7 24. b4 Ne6 25. Qb3) 23. Qd3 Rxa2 24. Ne3 Rxc1 25. Rxc1 Bh5 26. Nf5 Qg5 ({RR} 26... Qf8 27. Rc8) ({RR} 26... Qf6 27. Rc8+ Nf8 28. Qc2) 27. Rc8+ Nf8 28. Qc2 Ra1+ 29. Bf1 f6 30. Ne7+ Kf7 31. Rc7) 19... Nb4 20. Qb3 ({RR} 20. Nb6 Rxc1 21. Rxc1 Ra6 22. h3) 20... Bxe2 21. Rxe2 b5 22. Re4 f5 23. Ree1 bxc4 24. Rxc4 e4 25. Bf1 Rcb8 26. Rcc1 Na6 ({RR} 26... Qe5) 27. Qc3 Nc5 28. Qd4 Rb4 29. Rc4 Qb7 30. b3 {Nikolac,J (2435)-Cebalo,M (2515) Pula 1998 CBM 064 [Tisdall,Jonathan D] 1-0 (40)}) 16. cxd6 cxd6 17. Nd2 b6 18. Qe3 Nc5 19. b3 Bd7 20. a3 Bb5 21. b4 axb4 22. axb4 Nd7 23. Ne4 Rfb8 24. Rc7 Qd8 25. Rc6 Bxc6 26. dxc6 d5 27. cxd7 dxe4 28. Bxe4 Ra4 29. Bc6 Rxb4 30. Qxe5 Qf8 31. Rd1 Rd8 32. Rd3 Rg4 33. Re3 Rg6 34. Qe7 Re6 35. Rxe6 fxe6 36. Qxe6+ 1-0